Statistics for Science Vocabulary #2

Click here to take the quiz!

General Stats

  • This quiz has been taken 48,476 times
  • The average score is 15 of 20

Answer Stats

DefinitionWord% Correct
The study of living thingsBiology
97%
How plants convert light into energyPhotosynthesis
96%
Third element in the Periodic TableLithium
89%
Temperature scale similar to Celsius, but beginning at absolute zeroKelvin
88%
Slow-moving mass of ice formed by accumulation and compaction of snowGlacier
87%
Liquid produced by the liver and stored in the gall bladderBile
85%
Order of mammal that carries its young in a pouchMarsupial
85%
What an egg cell becomes when it is fertilizedEmbryo
82%
A hypothesis that has been rigorously tested and confirmedTheory
82%
Two or more atoms held together by chemical bondsMolecule
79%
Disease caused by a deficiency of Vitamin CScurvy
79%
Interstellar cloud of dust and gasNebula
76%
An animal that feeds on carcasses that it didn't killScavenger
75%
Order of animals to which humans and monkeys belongPrimate
72%
A substance that can cause cancerCarcinogen
70%
Long-term weather patternsClimate
69%
Male bee whose only purpose is reproductionDrone
67%
Hereditary illness that impairs the body's ability to stop bleedingHemophilia
62%
Substance that kills plantsHerbicide
56%
Partially shaded area around the edges of a shadowPenumbra
24%

Score Distribution

Percentile by Number Answered

Percent of People with Each Score

Your Score History

You have not taken this quiz